000 00432nam a2200157Ia 4500
003 Ost
005 20260225132555.0
008 260225s9999||||xx |||||||||||||| ||und||
040 _cfsic
041 _afre
082 _a440
100 _aJacqueline Arnaud
_eAuteur
245 0 _aRépertoire mondial des travaux universitaires de la littérature maghrébine de langue française /
245 0 _cJacqueline Arnaud
942 _cكتاب
999 _c34398
_d34398